000
00291nam a22001217a 4500
005
20230722094753.0
008
230722b ||||| |||| 00| 0 eng d
040
_c
AL
041
_a
eng
245
_a
Study on the socio- economic conditions of lambanis
260
_c
2003
942
_2
ddc
_c
BK
999
_c
228065
_d
228065